000 00284cam a22001097a 4500
008 180718b1946 xxu||||| |||| 00| 0 eng d
082 _aJ703 x42 Un3 46
245 _aNew Towns act, 1946
_cBy HMSO
260 _aLondon
_bHMSO
_c1946
300 _a45p.
650 _aCity planning -- Scotland
999 _c415914
_d415914